| 000 | 00647nam a22001577a 4500 | ||
|---|---|---|---|
| 003 | OSt | ||
| 005 | 20171025140643.0 | ||
| 008 | 171025b xxu||||| |||| 00| 0 eng d | ||
| 040 | _cRUA | ||
| 082 | _aAGR KHL 2016 B579 Or.1 | ||
| 100 |
_912369 _aKHLOENG DAPHAL ខ្លឹង ដាផល |
||
| 245 | _aeffect of urea fertilizer rates on growth and yield of lettuce (lactuca sativa) ឥទ្ធិពលកម្រិតជី អ៊ុយរ៊េទៅលើការលូតលាស់និងទិន្នផលដំណាំសាលាដ | ||
| 260 |
_aphnom penh _bRUA _c2016 |
||
| 300 |
_ax;40; _billl; _c29cm; |
||
| 942 |
_2ddc _cAGR |
||
| 999 |
_c14730 _d14730 |
||